BIBLIOTHÈQUE DE LA MAISON DU MEXIQUE

Logo 1 Logo 2

Las mocedades del Cid (notice nᵒ 11681)

détails MARC
000 -Sello discográfico
campo de control de longitud fija 00936nam a2200349 4500
005 - Identificación de versión
campo de control 20250925141607.0
035 ## - Otros números de control del sistema
Número de control del sistema 3923
099 ## - fechas locales
Tipo de ítem Koha LIBRO
100 ## - Datos de procesamiento general
Datos de procesamiento general 20040922d1945 m y1spay5003 ba
105 ## - Campo de datos codificados: Material textual, monográfico
Datos codificados de monografía y 001by
200 1# - Título y mención de responsabilidad
Título propio Las mocedades del Cid
Designación general del material texto impreso
Primer mención de responsabilidad Guillén de Castro
Declaración de responsabilidad subsiguiente notas Víctor Said Armesto
205 ## - Declaración de edición
Declaración de edición 4a ed
210 ## - Publicación, distribución, etc.
Lugar de publicación, distribución, etc. Madrid
Nombre del editor, distribuidor, etc. Espasa - Calpe
Fecha de publicación, distribución, etc. 1945
215 ## - Descripción física
Designación de material específico y extensión del ítem 269 p
Dimensiones 19 cm
318 ## - Nota de acción
Acción No se presta a domicilio
345 ## - Nota de información de adquisición
Fuente de adquisición/dirección de la suscripción [OBSOLETO] Donación
410 #1 - Series
Título Clásicos Castellanos
Número de volumen 15
676 ## - Clasificación Decimal Dewey
Número R860 C614 v.15
700 ## - Nombre personal - Responsabilidad primaria
Elemento de entrada Castro y Bellvís
Parte del nombre distinta del elemento de entrada Guillén de
Fechas 1569-1631
Número Koha 18354
702 ## - Nombre personal - Responsabilidad secundaria
Elemento de entrada Said Armesto
Parte del nombre distinta del elemento de entrada Víctor
Número Koha 18355
801 #0 - Fuente de origen
Agencia cm
900 ## -
-- 1/8007
900 ## -
-- 7100419773\220904
942 ## - ELEMENTOS DE ENTRADA SECUNDARIOS (KOHA)
Tipo de ítem Koha Livre

Pas d'exemplaire disponible.